[Event "POL-chT 2nd League"]
[Site "Mrzezyno"]
[Date "2011.09.04"]
[Round "2"]
[White "Deckert, Magdalena"]
[Black "Harazinska, Ewa"]
[Result "0-1"]
[WhiteElo "1998"]
[BlackElo "1798"]
[PlyCount "82"]
[EventDate "2011.09.03"]
[EventType "team-swiss"]
[EventRounds "9"]
[EventCountry "POL"]
[SourceTitle "EXT 2015"]
[Source "ChessBase"]
[SourceDate "2014.11.20"]
[SourceVersion "1"]
[SourceVersionDate "2014.11.20"]
[SourceQuality "1"]
[WhiteTeam "Bydgoszcz Hetman"]
[BlackTeam "Warszawa Polonia II"]
[WhiteTeamCountry "POL"]
[BlackTeamCountry "POL"]

1. e4 c5 2. Nf3 d6 3. d4 cxd4 4. Nxd4 Nf6 5. Nc3 a6 6. Bd3 e6 7. 0-0 Nc6 8. Nde2 Be7 9. f4 b5 10. a3 0-0 11. Qe1 b4 12. axb4 Nxb4 13. Qg3 Nxd3 14. Qxd3 Bb7 15. b3 Qb6+ 16. Kh1 Qc6 17. Nd4 Qc7 18. Bb2 Rfd8 19. Rae1 Nd7 20. Qg3 Bf6 21. Nde2 Bxe4 22. Nxe4 Bxb2 23. c3 d5 24. Nd2 Ba3 25. b4 a5 26. bxa5 Rxa5 27. Qf3 Rb8 28. f5 e5 29. Qg3 Nf6 30. Ra1 Bd6 31. Rxa5 Qxa5 32. Qd3 Qb5 33. c4 Qc6 34. Nc3 d4 35. Nce4 Nxe4 36. Nxe4 f6 37. Rc1 Bc5 38. g4 Rb3 39. Qxb3 Qxe4+ 40. Kg1 d3+ 41. Kf1 Qe2# 0-1